Atatürk'ün soykütüğü üzerine bir çalışma.
Saved in:
| Main Author: | |
|---|---|
| Format: | Book |
| Language: | Turkish |
| Published: |
Ankara :
T.C. Kültür Bakanlığı,
1995.
|
| Subjects: | |
| Tags: |
Add Tag
No Tags, Be the first to tag this record!
|
| LEADER | 00451nam a22001575a 4500 | ||
|---|---|---|---|
| 001 | 007731973-7 | ||
| 005 | 20020606104010.5 | ||
| 008 | 900402s1995 tu f00010btur d | ||
| 043 | |a a-tu--- | ||
| 090 | |a DR592.K4 |b G65 1995x | ||
| 100 | 1 | |a Göksel, Burhan. | |
| 245 | 1 | 0 | |a Atatürk'ün soykütüğü üzerine bir çalışma. |
| 260 | |a Ankara : |b T.C. Kültür Bakanlığı, |c 1995. | ||
| 600 | 1 | 0 | |a Atatürk, Kemal, |d 1881-1938 |x Family. |
| 988 | |a 20020608 | ||
| 906 | |0 MH | ||